Magyar kisebbség 1937 /

Elmentve itt :
Bibliográfiai részletek
Szerző: Szalkai Zoltán
Dokumentumtípus: Cikk
Megjelent: 1939
Sorozat:Nevelésügyi szemle 3 No. 3
Kulcsszavak:Kisebbségi kérdés, Pedagógia
Online Access:http://acta.bibl.u-szeged.hu/53116
LEADER 00577nab a2200169 i 4500
001 acta53116
005 20260224081030.0
008 180404s1939 hu o 000 hun d
040 |a SZTE Egyetemi Kiadványok Repozitórium  |b hun 
041 |a hun 
100 1 |a Szalkai Zoltán 
245 1 0 |a Magyar kisebbség   |h [elektronikus dokumentum] :  |b 1937 /  |c  Szalkai Zoltán 
260 |c 1939 
300 |a 139-141 
490 0 |a Nevelésügyi szemle  |v 3 No. 3 
695 |a Kisebbségi kérdés, Pedagógia 
856 4 0 |u http://acta.bibl.u-szeged.hu/53116/1/nev_szem_003_003_139-141.pdf  |z Dokumentum-elérés